[Event "Olimpiade 2014 - Open"]
[Site "Tromsø"]
[Date "11.08.2014"]
[Round "9.19"]
[Board "4"]
[White "McKay, Roderick M"]
[Black "Petenyi, Tamas"]
[Result "0-1"]
[WhiteTitle "IM"]
[BlackTitle "IM"]
[WhiteElo "2349"]
[BlackElo "2453"]
[WhiteTeam "Scotland"]
[BlackTeam "Slovakia"]
[WhiteFideId "2400049"]
[BlackFideId "14909090"]
[EventDate "2014.08.02"]

1. f4 Nf6 2. Nf3 g6 3. d3 d5 4. c3 Bg7 5. Qc2 O-O 6. e4 dxe4 7. dxe4 Nc6 8. Na3
Bg4 9. Bb5 Bd7 10. e5 Nd5 11. O-O e6 12. c4 Nb6 13. Be3 Qe7 14. Qf2 Rfd8 15. Bc5
Qe8 16. Qh4 h6 17. Nd2 Nxe5 18. fxe5 Bxb5 19. Ne4 Bc6 20. Nf6+ Bxf6 21. exf6 Rd2
22. Rf3 Rxg2+ 23. Kf1 h5 24. Qf4 Nd7 25. Be7 g5 26. Rg3 Rxg3 27. Qxg3 Kh8 28.
Qxg5 Qg8 29. Qxh5+ Qh7 30. Qxh7+ Kxh7 31. Nb5 Bxb5 32. cxb5 Nb6 33. Re1 Nd5 34.
Re5 Kg6 35. h4 Nxe7 36. fxe7 Re8 37. Rc5 Rxe7 38. Rg5+ Kh7 39. Ke2 f6 40. Rg3
Rg7 41. Re3 e5 42. Kf3 Kg6 43. Ke4 Rh7 44. Rh3 c6 45. bxc6 bxc6 46. b4 Rh5 47.
a3 Kf7 48. Rh1 Ke6 49. Kf3 f5 50. Kg3 Rh8 51. h5 Kf6 52. h6 Kg6 53. Rc1 Kxh6 54.
Rxc6+ Kg5 55. Rc7 f4+ 56. Kg2 e4 57. Rxa7 Rc8 58. Re7 Rc2+ 59. Kf1 e3 60. Rg7+
Kf5 61. Re7 Kg4 0-1

[Event "Olimpiade 2014 - Open"]
[Site "Tromsø"]
[Date "11.08.2014"]
[Round "9.20"]
[Board "1"]
[White "Ismagambetov, Anuar"]
[Black "Lenic, Luka"]
[Result "1-0"]
[WhiteTitle "GM"]
[BlackTitle "GM"]
[WhiteElo "2531"]
[BlackElo "2659"]
[WhiteTeam "Kazakhstan"]
[BlackTeam "Slovenia"]
[WhiteFideId "13701525"]
[BlackFideId "14603853"]
[EventDate "2014.08.02"]

1. e4 e5 2. Nf3 Nc6 3. Bb5 a6 4. Ba4 Nf6 5. O-O Be7 6. Re1 d6 7. c3 Bg4 8. h3
Bh5 9. d3 Nd7 10. Nbd2 Nc5 11. Bc2 Ne6 12. Nf1 Ng5 13. Bxg5 Bxg5 14. Ng3 Bxf3
15. Qxf3 O-O 16. Rad1 g6 17. d4 Bf6 18. dxe5 Nxe5 19. Qe2 Bg7 20. Nf1 Re8 21. f4
Nd7 22. Qf3 Qe7 23. Kh1 Rad8 24. Ng3 a5 25. Rf1 Nc5 26. Rde1 c6 27. a3 a4 28.
Re2 Rd7 29. Rfe1 Qh4 30. Nf1 Rde7 31. Kh2 Re6 32. g3 Qe7 33. Re3 g5 34. R1e2 Bh6
35. Kh1 gxf4 36. gxf4 Qh4 37. f5 Re5 38. Rg2+ Kf8 39. Rg4 Qf6 40. Re2 Ke7 41.
Ng3 Kd7 42. Nh5 Qd8 43. Reg2 Kc8 44. Ng7 Bxg7 45. Rxg7 Qf6 46. Qh5 R5e7 47. Qg5
Qxg5 48. R2xg5 f6 49. Rxe7 Rxe7 50. Rg4 b5 51. Kh2 Kc7 52. Kg3 Nd7 53. Kf4 Ne5
54. Rg2 Kd7 55. h4 Ke8 56. h5 Kf8 57. h6 Nf7 58. Rd2 Ra7 59. Bb1 Rd7 60. Ba2
Nxh6 61. Be6 Rd8 62. c4 Nf7 63. cxb5 cxb5 64. Rd5 Ne5 65. Rxb5 Ra8 66. Rb7 Ra5
67. Rxh7 Rb5 68. Ke3 Rxb2 69. Ra7 Rh2 70. Rxa4 Rh3+ 71. Kd2 Ke7 72. Bd5 Kd8 73.
Kc2 Kc7 74. Ra6 Ng4 75. Rc6+ Kd7 76. Rc3 Rh1 77. a4 Ne5 78. Kb2 Rh2+ 79. Ka3 Rh1
80. Be6+ Kd8 81. a5 Ra1+ 82. Ba2 1-0

[Event "Olimpiade 2014 - Open"]
[Site "Tromsø"]
[Date "11.08.2014"]
[Round "9.20"]
[Board "2"]
[White "Beliavsky, Alexander G"]
[Black "Kotsur, Pavel"]
[Result "0-1"]
[WhiteTitle "GM"]
[BlackTitle "GM"]
[WhiteElo "2618"]
[BlackElo "2559"]
[WhiteTeam "Slovenia"]
[BlackTeam "Kazakhstan"]
[WhiteFideId "14602377"]
[BlackFideId "13700278"]
[EventDate "2014.08.02"]

1. d4 Nf6 2. c4 e6 3. Nc3 Bb4 4. Qc2 O-O 5. a3 Bxc3+ 6. Qxc3 d6 7. Bg5 Nbd7 8.
e3 e5 9. Bd3 Qe8 10. Ne2 exd4 11. Qxd4 Qe5 12. Bf4 Qe7 13. Bg5 Qe5 14. f4 Qxd4
15. exd4 Re8 16. O-O Ne4 17. Bh4 Nb6 18. Ng3 Nd2 19. Rfe1 Bd7 20. c5 dxc5 21.
dxc5 Nbc4 22. b3 Ne3 23. b4 Nb3 24. Rab1 Nd4 25. Nf1 Nec2 26. Rxe8+ Rxe8 27. Bf2
Bb5 28. Bxb5 Nxb5 29. a4 Nc3 30. Rb2 Re2 31. c6 b6 32. Rb3 Nd5 33. b5 Nxf4 34.
Bg3 Nd4 35. Re3 Nfe6 36. Be5 Rxe3 37. Nxe3 f6 38. Bxd4 Nxd4 39. Nd5 Ne6 40. Kf2
Kf7 41. Ke3 Ke8 42. Kd3 Kd8 43. Kc4 Nc5 44. a5 Ne4 45. axb6 axb6 46. Kb4 f5 47.
Ne3 f4 48. Nd5 g5 49. Kc4 Nd6+ 50. Kd4 Nxb5+ 51. Ke5 h6 52. h4 f3 53. gxf3 gxh4
54. Nf4 Na7 0-1

[Event "Olimpiade 2014 - Open"]
[Site "Tromsø"]
[Date "11.08.2014"]
[Round "9.20"]
[Board "3"]
[White "Khusnutdinov, Rustam"]
[Black "Sebenik, Matej"]
[Result "1-0"]
[WhiteTitle "GM"]
[BlackTitle "GM"]
[WhiteElo "2470"]
[BlackElo "2537"]
[WhiteTeam "Kazakhstan"]
[BlackTeam "Slovenia"]
[WhiteFideId "13701703"]
[BlackFideId "14602296"]
[EventDate "2014.08.02"]

1. d4 d5 2. c4 c6 3. Nc3 Nf6 4. e3 e6 5. Nf3 a6 6. c5 Nbd7 7. Qc2 g6 8. b4 Bg7
9. Bb2 O-O 10. Be2 Re8 11. O-O e5 12. dxe5 Nxe5 13. Nxe5 Rxe5 14. Bd3 Qc7 15.
Ne2 Re7 16. h3 Bd7 17. Bd4 Nh5 18. Rfd1 f5 19. Bxg7 Rxg7 20. Nd4 Rf8 21. f4 g5
22. fxg5 Rxg5 23. Rf1 Ng3 24. Rf4 Qe5 25. Re1 Qg7 26. Qf2 Nh5 27. Rf3 Ng3 28.
Ne2 Nxe2+ 29. Rxe2 Be6 30. Qh4 Rf6 31. Qd4 Rh6 32. Kh2 Qc7+ 33. Qf4 Qe7 34. Ref2
Kg7 35. Qe5+ Qf6 36. Qc7+ Qf7 37. Qxf7+ Kxf7 38. Bxf5 Bxf5 39. Rxf5+ Rxf5 40.
Rxf5+ Ke7 41. Kg3 Rg6+ 42. Kf3 Ke6 43. g4 Rg8 44. Rh5 Rf8+ 45. Ke2 Rf7 46. Kd3
Re7 47. Rf5 Rg7 48. e4 dxe4+ 49. Kxe4 Rd7 50. Rh5 Kf6 51. h4 Kg6 52. Rg5+ Kf6
53. Rf5+ Ke6 54. Rh5 Kf6 55. Rh6+ Kg7 56. Rd6 Re7+ 57. Kf5 Rf7+ 58. Kg5 Re7 59.
h5 Re5+ 60. Kf4 Re7 61. g5 Rf7+ 62. Ke5 Re7+ 63. Kf5 Rf7+ 64. Ke4 1-0

[Event "Olimpiade 2014 - Open"]
[Site "Tromsø"]
[Date "11.08.2014"]
[Round "9.20"]
[Board "4"]
[White "Tratar, Marko"]
[Black "Aitbayev, Aslan"]
[Result "1-0"]
[WhiteTitle "GM"]
[BlackTitle "IM"]
[WhiteElo "2490"]
[BlackElo "2425"]
[WhiteTeam "Slovenia"]
[BlackTeam "Kazakhstan"]
[WhiteFideId "14600684"]
[BlackFideId "13704613"]
[EventDate "2014.08.02"]

1. c4 g6 2. e4 Bg7 3. d4 d6 4. Ne2 Nf6 5. Nec3 O-O 6. Be2 Nc6 7. d5 Nb8 8. O-O
e6 9. Bf4 Re8 10. Nd2 Nbd7 11. Qc2 Ne5 12. Rad1 Ned7 13. Rfe1 a5 14. a3 b6 15.
b4 e5 16. Be3 h5 17. f3 h4 18. Bg5 h3 19. g4 Bf8 20. Bf1 Be7 21. Be3 Nh7 22.
Bxh3 Bg5 23. Bf2 Bh4 24. Nb3 axb4 25. axb4 Kg7 26. Bg2 Rh8 27. Bxh4 Qxh4 28. Qf2
Qxf2+ 29. Kxf2 Ra3 30. Rb1 Ba6 31. Nb5 Bxb5 32. cxb5 Ng5 33. Rec1 Ra7 34. Ra1
Rha8 35. h4 Nh7 36. g5 f6 37. Bh3 Ndf8 38. gxf6+ Nxf6 39. Ra6 Rxa6 40. Rxc7+ Kh6
41. bxa6 Rxa6 42. Rc6 Ra2+ 43. Ke1 Ra3 44. Nd2 Nh5 45. Kd1 Ng3 46. Rxb6 Ra1+ 47.
Kc2 Ne2 48. Kb2 Rd1 49. Nc4 Rd4 50. Rc6 Rd3 51. Nxd6 Nd4 52. Nf5+ Nxf5 53. Bxf5
Rxf3 54. b5 Kh5 55. Bc8 1-0

[Event "Olimpiade 2014 - Open"]
[Site "Tromsø"]
[Date "11.08.2014"]
[Round "9.21"]
[Board "1"]
[White "Mchedlishvili, Mikheil"]
[Black "Tologontegin, Semetey"]
[Result "1/2-1/2"]
[WhiteTitle "GM"]
[BlackTitle "FM"]
[WhiteElo "2618"]
[BlackElo "2354"]
[WhiteTeam "Georgia"]
[BlackTeam "Kyrgyzstan"]
[WhiteFideId "13600966"]
[BlackFideId "13800574"]
[EventDate "2014.08.02"]

1. d4 e6 2. Nf3 b6 3. e4 Bb7 4. Bd3 Nf6 5. e5 Ne4 6. O-O Be7 7. Ne1 f5 8. Qh5+
g6 9. Qh6 Bf8 10. Qe3 h6 11. Qh3 Qe7 12. f3 Ng5 13. Qg3 Qh7 14. Nc3 Nc6 15. f4
Nf7 16. d5 Nb4 17. dxe6 dxe6 18. Bb5+ c6 19. Be2 Nd5 20. Nxd5 exd5 21. c4 d4 22.
Bf3 Nd8 23. Nd3 Ne6 24. b4 g5 25. a4 g4 26. Bd1 c5 27. bxc5 Bxc5 28. a5 h5 29.
Ba4+ Kf8 30. Qh4 Qe7 31. Qe1 Kf7 32. Bc2 Kg6 33. Qd1 Rhd8 34. Re1 Rf8 35. Re2
Kg7 36. Nxc5 bxc5 37. Bd3 Qc7 38. Rb1 Rad8 39. Reb2 Ba8 40. Qe1 Qe7 41. a6 Kg6
42. Qd1 Kh6 43. Qc2 Kg6 44. Qd1 Kh6 45. Qc2 Ng7 46. Rb5 h4 47. Qf2 Kg6 48. Qe2
Kh6 49. Qf2 Kg6 50. Qe2 Kh6 1/2-1/2

[Event "Olimpiade 2014 - Open"]
[Site "Tromsø"]
[Date "11.08.2014"]
[Round "9.21"]
[Board "2"]
[White "Abdyjapar, Asyl"]
[Black "Pantsulaia, Levan"]
[Result "1/2-1/2"]
[WhiteTitle "IM"]
[BlackTitle "GM"]
[WhiteElo "2368"]
[BlackElo "2581"]
[WhiteTeam "Kyrgyzstan"]
[BlackTeam "Georgia"]
[WhiteFideId "13800337"]
[BlackFideId "13602071"]
[EventDate "2014.08.02"]

1. d4 Nf6 2. c4 c5 3. d5 g6 4. Nc3 Bg7 5. e4 O-O 6. Nf3 e6 7. Bd3 exd5 8. cxd5
d6 9. h3 Nbd7 10. O-O Nh5 11. Be3 Re8 12. Qd2 a6 13. a4 Rb8 14. Rfe1 Ne5 15. Be2
Nxf3+ 16. Bxf3 b5 17. axb5 axb5 18. Bxh5 gxh5 19. Bg5 Bf6 20. Bxf6 Qxf6 21. Re3
h4 22. Rf3 Qg6 23. Ra7 Rb7 24. Rxb7 Bxb7 25. Rf5 Kh8 26. Qf4 Rg8 27. Qf3 Bc8 28.
Rf6 Qg5 29. Nxb5 Bxh3 30. Kh2 Bxg2 31. Qf4 Bxe4 32. Qxg5 Rxg5 33. Nxd6 Bxd5 34.
Nxf7+ Kg7 35. Nxg5 Kxf6 36. Nxh7+ Kg7 37. Ng5 Kg6 38. Nh3 Kf5 39. Ng1 Kg4 40.
Ne2 Kf3 41. Nc3 Be6 42. Kg1 c4 43. Nd1 Bf5 44. Ne3 Bd3 45. Kh2 Kxf2 46. Nxc4
Bxc4 47. Kh3 1/2-1/2

[Event "Olimpiade 2014 - Open"]
[Site "Tromsø"]
[Date "11.08.2014"]
[Round "9.21"]
[Board "3"]
[White "Nigalidze, Gaioz"]
[Black "Takyrbashev, B."]
[Result "1-0"]
[WhiteTitle "GM"]
[WhiteElo "2542"]
[BlackElo "2229"]
[WhiteTeam "Georgia"]
[BlackTeam "Kyrgyzstan"]
[WhiteFideId "13603078"]
[BlackFideId "13800272"]
[EventDate "2014.08.02"]

1. Nf3 f5 2. d3 Nf6 3. e4 fxe4 4. dxe4 Nxe4 5. Bd3 Nf6 6. g4 d6 7. g5 Nfd7 8. g6
h6 9. Bc4 e6 10. Bxe6 Qe7 11. Qe2 Nc6 12. Bf7+ Kd8 13. Be3 Nde5 14. Nxe5 Nxe5
15. Bd5 c6 16. Bg2 Bg4 17. f3 Bf5 18. Na3 Nxg6 19. O-O Nf4 20. Qd2 Nxg2 21. Kxg2
Qd7 22. Rfe1 d5 23. c4 Bh3+ 24. Kg1 Be6 25. Rad1 Bd6 26. cxd5 Bxd5 27. Nb5 Re8
28. Qa5+ Kc8 29. Rxd5 cxb5 30. Rc1+ Kb8 31. Bf4 Re6 32. Rxd6 Rxd6 33. Qb4 1-0

[Event "Olimpiade 2014 - Open"]
[Site "Tromsø"]
[Date "11.08.2014"]
[Round "9.21"]
[Board "4"]
[White "Mamatov, Melis"]
[Black "Shanava, Konstantine"]
[Result "0-1"]
[BlackTitle "GM"]
[WhiteElo "2106"]
[BlackElo "2563"]
[WhiteTeam "Kyrgyzstan"]
[BlackTeam "Georgia"]
[WhiteFideId "13800027"]
[BlackFideId "13601784"]
[EventDate "2014.08.02"]

1. b3 c5 2. c4 Nc6 3. Bb2 Nf6 4. Nf3 e6 5. e3 Be7 6. a3 O-O 7. Qc2 d5 8. Be2 b6
9. cxd5 exd5 10. d4 Be6 11. Nbd2 Rc8 12. Qb1 a5 13. O-O Bd6 14. Ne5 Ne7 15. f4
Nf5 16. Rf3 Nh4 17. Rf2 Nf5 18. Rf3 h5 19. Bd3 g6 20. h3 h4 21. Qe1 a4 22. Bxf5
Bxf5 23. Qxh4 Ne4 24. Qe1 axb3 25. Rd1 Nxd2 26. Qxd2 c4 27. g4 Be4 28. Rf2 f6
29. f5 gxf5 30. gxf5 fxe5 31. dxe5 Qg5+ 32. Kh2 c3 33. Bxc3 Rxc3 34. Qxc3 Qf6
35. Rg1+ Kh8 36. Rf4 Bxe5 37. Qxb3 Rc8 38. Rg6 Qh4 39. Rg3 Qh6 40. Kg1 Rc1+ 41.
Kf2 Rc2+ 42. Kg1 Bxf4 43. exf4 Rc1+ 0-1

[Event "Olimpiade 2014 - Open"]
[Site "Tromsø"]
[Date "11.08.2014"]
[Round "9.22"]
[Board "3"]
[White "Mekhitarian, Krikor Sevag"]
[Black "Sambuev, Bator"]
[Result "1-0"]
[WhiteTitle "GM"]
[BlackTitle "GM"]
[WhiteElo "2568"]
[BlackElo "2528"]
[WhiteTeam "Brazil"]
[BlackTeam "Canada"]
[WhiteFideId "2107660"]
[BlackFideId "4128290"]
[EventDate "2014.08.02"]

1. Nf3 d5 2. g3 Bg4 3. Bg2 Nd7 4. O-O Ngf6 5. d3 e5 6. Nbd2 Bd6 7. h3 Bxf3 8.
Bxf3 O-O 9. Bg2 Qe7 10. e4 dxe4 11. dxe4 b5 12. Qe2 a6 13. Rd1 Nc5 14. Nf1 Ne6
15. Ne3 g6 16. c3 c6 17. Bd2 Rfd8 18. h4 Bc7 19. Nc2 Rd6 20. Be3 Rad8 21. Nb4 a5
22. Rxd6 Rxd6 23. Nd3 Rd7 24. Rd1 Qd8 25. Bh3 Qe8 26. Bg5 Nh5 27. Bxe6 Qxe6 28.
Nc5 Qc4 29. Qxc4 Rxd1+ 30. Qf1 Rxf1+ 31. Kxf1 f6 32. Be3 Kf7 33. Ke2 a4 34. c4
f5 35. Na6 Bd6 36. c5 Be7 37. exf5 gxf5 38. Nb4 f4 39. gxf4 Nxf4+ 40. Kf3 Bxh4
41. Nxc6 Nd3 42. Na7 Ke6 43. c6 Bd8 44. Nxb5 Ba5 45. b3 axb3 46. axb3 h5 47. Ke4
h4 48. c7 Kd7 49. Kxd3 Bxc7 50. Ke2 Ba5 51. Kf3 Kc6 52. Na3 Kd5 53. Kg4 Ke4 54.
Kxh4 Kd3 55. Nc4 Be1 56. Kg4 Kc2 57. Nd2 1-0

[Event "Olimpiade 2014 - Open"]
[Site "Tromsø"]
[Date "11.08.2014"]
[Round "9.22"]
[Board "4"]
[White "Hambleton, Aman"]
[Black "El Debs, Felipe de Cresce"]
[Result "0-1"]
[WhiteTitle "IM"]
[BlackTitle "GM"]
[WhiteElo "2458"]
[BlackElo "2522"]
[WhiteTeam "Canada"]
[BlackTeam "Brazil"]
[WhiteFideId "2606577"]
[BlackFideId "2106981"]
[EventDate "2014.08.02"]

1. d4 d5 2. c4 c6 3. Nf3 Nf6 4. e3 Bf5 5. Nc3 e6 6. Nh4 Be4 7. f3 Bg6 8. Qb3 Qc7
9. Nxg6 hxg6 10. Bd2 Be7 11. Be2 dxc4 12. Bxc4 Nbd7 13. g3 b5 14. Be2 a6 15. Rc1
c5 16. dxc5 Bxc5 17. Kf2 Qd6 18. Qc2 Rc8 19. Kg2 O-O 20. Rhd1 Qb8 21. Qb1 Qb6
22. e4 Ne5 23. f4 Neg4 24. e5 Bb4 25. Rf1 Rfd8 26. Rcd1 Rxd2 27. Rxd2 Ne3+ 28.
Kh3 Nxf1 29. Bxf1 Bxc3 30. Rd6 Qf2 31. exf6 Bb4 32. Rxe6 fxe6 33. Qxg6 Qxf1+ 34.
Kh4 Rc7 35. Qe8+ Bf8 36. Qxe6+ Rf7 37. fxg7 Bxg7 0-1

[Event "Olimpiade 2014 - Open"]
[Site "Tromsø"]
[Date "11.08.2014"]
[Round "9.23"]
[Board "1"]
[White "Megaranto, Susanto"]
[Black "Zhang, Zhong"]
[Result "1/2-1/2"]
[WhiteTitle "GM"]
[BlackTitle "GM"]
[WhiteElo "2527"]
[BlackElo "2611"]
[WhiteTeam "Indonesia"]
[BlackTeam "Singapore"]
[WhiteFideId "7101384"]
[BlackFideId "8600694"]
[EventDate "2014.08.02"]

1. d4 e6 2. c4 Nf6 3. Nf3 d5 4. e3 c5 5. Nc3 a6 6. dxc5 Bxc5 7. cxd5 exd5 8. Be2
Nc6 9. O-O O-O 10. b3 d4 11. Na4 Ba7 12. Nxd4 Nxd4 13. exd4 Bxd4 14. Bb2 Bxb2
15. Nxb2 Bf5 16. Nc4 Qe7 17. Bf3 Rad8 18. Qc1 Qb4 19. Rd1 Be6 20. Ne3 Rxd1+ 21.
Qxd1 Rc8 22. Rc1 Rxc1 23. Qxc1 h6 24. g3 b6 25. Qd1 a5 26. Qd8+ Kh7 27. Qd3+ g6
28. Kg2 Qc5 29. h4 Kg7 30. Qd2 Qe5 31. Bc6 Ne4 32. Bxe4 Qxe4+ 33. f3 Qb1 34. Nd1
Kh7 35. Nc3 Qf5 36. Ne4 Qh3+ 37. Kg1 Qf5 38. Qc3 Kg8 39. Qd4 Qxf3 40. Nf6+ Kf8
41. Qd8+ Kg7 42. Ne8+ Kh7 43. Nf6+ Kg7 44. Ne8+ 1/2-1/2

[Event "Olimpiade 2014 - Open"]
[Site "Tromsø"]
[Date "11.08.2014"]
[Round "9.23"]
[Board "2"]
[White "Goh, Wei Ming Kevin"]
[Black "Farid, Firman Syah"]
[Result "1/2-1/2"]
[WhiteTitle "IM"]
[BlackTitle "IM"]
[WhiteElo "2433"]
[BlackElo "2400"]
[WhiteTeam "Singapore"]
[BlackTeam "Indonesia"]
[WhiteFideId "5800706"]
[BlackFideId "7102526"]
[EventDate "2014.08.02"]

1. e4 e5 2. Nf3 Nc6 3. Bc4 Nf6 4. d3 Be7 5. O-O O-O 6. Bb3 d6 7. c3 Be6 8. Nbd2
Qd7 9. Re1 Kh8 10. d4 exd4 11. Nxd4 Nxd4 12. cxd4 d5 13. e5 Ng8 14. Bc2 Bg4 15.
f3 Bh5 16. Nf1 Rae8 17. g4 Bg6 18. Ng3 Bb4 19. Bxg6 hxg6 20. Rf1 f6 21. f4 fxe5
22. dxe5 Bc5+ 23. Kg2 g5 24. f5 Rxe5 25. Bxg5 Nh6 26. Bf4 Ree8 27. Qf3 Bd6 28.
Rae1 Bxf4 29. Qxf4 Kg8 30. h3 Nf7 31. Rxe8 Rxe8 32. g5 d4 33. g6 Nh6 34. Kh2 Qd6
35. Qxd6 cxd6 36. Rd1 Re5 37. Rxd4 Nxf5 38. Nxf5 Rxf5 39. Rxd6 Kf8 40. Kg3 Rg5+
41. Kf4 Rg2 42. Rd7 Rxb2 43. Rf7+ Kg8 44. Rc7 Kf8 45. h4 Rxa2 46. Rf7+ Kg8 47.
Rxb7 Ra4+ 48. Kf5 Ra5+ 49. Kf4 Ra4+ 1/2-1/2

[Event "Olimpiade 2014 - Open"]
[Site "Tromsø"]
[Date "11.08.2014"]
[Round "9.23"]
[Board "4"]
[White "Tin, Jingyao"]
[Black "Setyaki, Azarya Jodi"]
[Result "1-0"]
[WhiteTitle "FM"]
[BlackTitle "CM"]
[WhiteElo "2251"]
[BlackElo "2186"]
[WhiteTeam "Singapore"]
[BlackTeam "Indonesia"]
[WhiteFideId "5804418"]
[BlackFideId "7101589"]
[EventDate "2014.08.02"]

1. d4 Nf6 2. c4 g6 3. Nc3 d5 4. Nf3 Bg7 5. Qb3 dxc4 6. Qxc4 O-O 7. e4 c6 8. e5
Nd5 9. Nxd5 cxd5 10. Qb3 Nc6 11. Be3 f6 12. exf6 exf6 13. Be2 Ne7 14. O-O Nf5
15. Bd2 Rf7 16. Rfe1 Bf8 17. g3 Ng7 18. Bf1 g5 19. Bg2 Rd7 20. a4 Qb6 21. Qa2
Rd8 22. Bxg5 fxg5 23. Nxg5 Nf5 24. Bxd5+ Kg7 25. Be6 Nxd4 26. Bxc8 Qf6 27. Ne6+
Nxe6 28. Bxe6 Rd2 29. Rf1 Bc5 30. Bh3 Bxf2+ 31. Kh1 Rc8 32. Qb3 Rxb2 33. Qxb2
Qxb2 34. Bxc8 b6 35. Bh3 h5 36. Rad1 a6 37. Rd5 Qe2 38. Bg2 b5 39. axb5 axb5 40.
Rf5 Bd4 41. Rf7+ Kg6 42. R7f4 Bc3 43. Re4 Qa2 44. Rh4 Qe2 45. Be4+ Kh6 46. Rf7
Bg7 47. Rhf4 Qe1+ 48. Kg2 Qd2+ 49. Kh3 Qd8 50. Rb7 Qc8+ 51. Kg2 Qc5 52. h4 1-0

[Event "Olimpiade 2014 - Open"]
[Site "Tromsø"]
[Date "11.08.2014"]
[Round "9.24"]
[Board "1"]
[White "Grandelius, Nils"]
[Black "Dervishi, Erald"]
[Result "1-0"]
[WhiteTitle "GM"]
[BlackTitle "GM"]
[WhiteElo "2571"]
[BlackElo "2581"]
[WhiteTeam "Sweden"]
[BlackTeam "Albania"]
[WhiteFideId "1710400"]
[BlackFideId "4700236"]
[EventDate "2014.08.02"]

1. e4 e5 2. Nf3 Nc6 3. Bb5 a6 4. Ba4 Nf6 5. O-O Be7 6. Re1 b5 7. Bb3 d6 8. c3
O-O 9. d4 Bg4 10. Be3 exd4 11. cxd4 Na5 12. Bc2 c5 13. h3 cxd4 14. Bxd4 Bh5 15.
g4 Bg6 16. Nc3 Rc8 17. Rc1 Nc6 18. Be3 Nb4 19. Bb1 d5 20. e5 Ne4 21. Ne2 Nc5 22.
Bxc5 Rxc5 23. Rxc5 Bxc5 24. Nf4 Qb6 25. Re2 Be4 26. Bxe4 dxe4 27. Rxe4 Nxa2 28.
e6 Qb7 29. exf7+ Rxf7 30. Ng5 Re7 31. Qd8+ 1-0

[Event "Olimpiade 2014 - Open"]
[Site "Tromsø"]
[Date "11.08.2014"]
[Round "9.24"]
[Board "2"]
[White "Mehmeti, Dritan"]
[Black "Agrest, Evgenij"]
[Result "0-1"]
[WhiteTitle "IM"]
[BlackTitle "GM"]
[WhiteElo "2416"]
[BlackElo "2595"]
[WhiteTeam "Albania"]
[BlackTeam "Sweden"]
[WhiteFideId "4700600"]
[BlackFideId "1705024"]
[EventDate "2014.08.02"]

1. d4 d5 2. Bg5 h6 3. Bh4 c5 4. dxc5 g5 5. Bg3 Bg7 6. c3 Na6 7. Qa4+ Bd7 8. Qa3
Qc8 9. c6 Bxc6 10. Nf3 g4 11. Ne5 h5 12. h4 Nh6 13. e4 dxe4 14. Qa5 O-O 15. Na3
Be8 16. Bxa6 bxa6 17. O-O-O f6 18. Nec4 Bf7 19. Bc7 Qe6 20. Qc5 Nf5 21. b3 Rfc8
22. Kb2 Bf8 23. Rhe1 Nd6 24. Nxd6 exd6 25. Rxd6 Rxc7 0-1

[Event "Olimpiade 2014 - Open"]
[Site "Tromsø"]
[Date "11.08.2014"]
[Round "9.24"]
[Board "3"]
[White "Hillarp Persson, Tiger"]
[Black "Seitaj, Ilir"]
[Result "1-0"]
[WhiteTitle "GM"]
[BlackTitle "IM"]
[WhiteElo "2549"]
[BlackElo "2382"]
[WhiteTeam "Sweden"]
[BlackTeam "Albania"]
[WhiteFideId "1700812"]
[BlackFideId "4700031"]
[EventDate "2014.08.02"]

1. Nf3 d5 2. c4 e6 3. g3 c5 4. Bg2 Nc6 5. O-O Nf6 6. cxd5 exd5 7. d4 Be7 8. dxc5
Bxc5 9. a3 O-O 10. b4 Bb6 11. Nc3 Bg4 12. Bb2 Re8 13. Na4 Qe7 14. Nxb6 axb6 15.
Re1 Rad8 16. Qd3 Rd6 17. Rad1 h6 18. h3 Bh5 19. Qb3 Bg6 20. Nh4 Bh7 21. Bxd5
Nxd5 22. Rxd5 Qe6 23. Qc3 f6 24. Rxd6 Qxd6 25. Ng2 Ne5 26. Qb3+ Nf7 27. Nf4 Rd8
28. h4 b5 29. Rc1 Be4 30. f3 Bc6 31. Kf2 Qd7 32. h5 Qf5 33. Rd1 Rxd1 34. Qxd1
Ng5 35. Qd8+ Kh7 36. Qd3 Qxd3 37. Nxd3 Kg8 38. g4 Kf7 39. e4 Ke6 40. Ke3 Nf7 41.
Nf4+ Kd6 42. Bd4 Kd7 43. Bc5 Nd6 44. Bxd6 Kxd6 45. Kd4 Be8 46. Ng2 1-0

[Event "Olimpiade 2014 - Open"]
[Site "Tromsø"]
[Date "11.08.2014"]
[Round "9.24"]
[Board "4"]
[White "Pasku, Llambi"]
[Black "Berg, Emanuel"]
[Result "0-1"]
[BlackTitle "GM"]
[WhiteElo "2061"]
[BlackElo "2554"]
[WhiteTeam "Albania"]
[BlackTeam "Sweden"]
[WhiteFideId "4700570"]
[BlackFideId "1704060"]
[EventDate "2014.08.02"]

1. d4 Nf6 2. c4 e6 3. Nf3 b6 4. g3 Ba6 5. b3 Bb4+ 6. Bd2 Be7 7. Bg2 d5 8. Ne5 c6
9. Bc3 Nfd7 10. Nxd7 Nxd7 11. Nd2 f5 12. O-O O-O 13. Qc2 Rc8 14. Rad1 Qe8 15.
Rfe1 Qh5 16. f3 Nf6 17. e3 Bd6 18. a4 g5 19. a5 b5 20. c5 Bb8 21. b4 Rc7 22. Re2
Rg7 23. Nf1 Bc8 24. Qd3 Rgf7 25. Bd2 Bd7 26. Bc1 Be8 27. f4 Rg7 28. Rf2 h6 29.
Bf3 Qg6 30. Rg2 Qh7 31. Bd2 Bc7 32. Be1 Bh5 33. Bxh5 Nxh5 34. Rdd2 Kh8 35. Qe2
Nf6 36. Qf3 Rfg8 37. Rc2 Bd8 38. Kh1 Qg6 39. Ra2 Rh7 40. Kg1 Rgg7 41. Rac2 Kg8
42. Qe2 Rh8 43. Nd2 g4 44. Nf1 h5 45. Qd1 Rgh7 46. Qa1 Kf7 47. Qd1 Rh6 48. Qc1
R8h7 49. Qd1 Qg7 50. a6 Qh8 51. Qa1 Ke8 52. Nd2 h4 53. gxh4 Ng8 54. Nf1 Bxh4 55.
Ng3 Bxg3 56. Bxg3 Nf6 57. Qe1 Ne4 58. Ra2 Rh3 59. Rae2 Nxg3 60. Rxg3 Rxh2 61.
Rxh2 Rxh2 62. Kf1 Rh1+ 63. Rg1 Qh3+ 64. Ke2 Qh2+ 0-1

[Event "Olimpiade 2014 - Open"]
[Site "Tromsø"]
[Date "11.08.2014"]
[Round "9.25"]
[Board "1"]
[White "Sulskis, Sarunas"]
[Black "Zambrana, Oswaldo"]
[Result "0-1"]
[WhiteTitle "GM"]
[BlackTitle "GM"]
[WhiteElo "2544"]
[BlackElo "2472"]
[WhiteTeam "Lithuania"]
[BlackTeam "Bolivia"]
[WhiteFideId "12800112"]
[BlackFideId "3300200"]
[EventDate "2014.08.02"]

1. e4 c5 2. c3 d5 3. exd5 Qxd5 4. d4 g6 5. Na3 Bg7 6. Nb5 Na6 7. dxc5 Qxd1+ 8.
Kxd1 Nf6 9. b4 Ne4 10. Be3 Nxc3+ 11. Nxc3 Bxc3 12. Rc1 Bxb4 13. Bb5+ Kf8 14. Nf3
Kg7 15. Rc4 Ba5 16. Bxa6 bxa6 17. Ke2 Rb8 18. Rhc1 Rb2+ 19. Kf1 Rxa2 20. c6 Bc7
21. Bxa7 Rd8 22. Re4 e6 23. g4 Rd5 24. g5 e5 25. Nxe5 Bh3+ 26. Kg1 Rad2 27. Nf3
Rd1+ 28. Re1 Rxc1 29. Rxc1 Bg4 30. Kg2 Rf5 31. Bd4+ Kf8 32. Nd2 Rxg5 33. Ne4 Rd5
34. Bc3 Rd3 35. Kf1 Rd1+ 36. Rxd1 Bxd1 37. Bb4+ Ke8 38. Nd6+ Kd8 39. Nxf7+ Kc8
40. Nd6+ Kb8 41. f4 Bf3 42. f5 gxf5 43. Nxf5 Bxh2 44. Ne7 Be4 45. Kf2 Bf4 46.
Ba5 Bd6 47. Ke3 Bg2 48. Bd8 Bc7 49. Bxc7+ Kxc7 50. Ng8 h5 51. Nf6 h4 52. Nh5
Kxc6 53. Nf4 Kb5 54. Kd3 Kb4 55. Kc2 Be4+ 0-1